[Event "Mare di Fano op 1st"]
[Site "Fano"]
[Date "2012.08.01"]
[Round "3"]
[White "Rizzardi, Franco"]
[Black "Piro, Valerio"]
[Result "0-1"]
[WhiteElo "2026"]
[BlackElo "2013"]
[PlyCount "63"]
[EventDate "2012.07.30"]
[EventType "swiss"]
[EventRounds "9"]
[EventCountry "ITA"]
[SourceTitle "EXT 2015"]
[Source "ChessBase"]
[SourceDate "2014.11.20"]
[SourceVersion "1"]
[SourceVersionDate "2014.11.20"]
[SourceQuality "1"]

1. e4 c6 2. d4 d5 3. Nd2 dxe4 4. Nxe4 Bf5 5. Ng3 Bg6 6. Bc4 e6 7. N1e2 Bd6 8. h4 h6 9. Nf4 Bh7 10. Ngh5 Bf8 11. Qe2 Nd7 12. Bb3 Qe7 13. Bd2 0-0-0 14. 0-0-0 Ngf6 15. Nd3 Nxh5 16. Qxh5 Bxd3 17. cxd3 g6 18. Qa5 Kb8 19. Rh3 Bg7 20. Be3 a6 21. Kb1 Bf8 22. Rc1 Rc8 23. a3 Qd8 24. Qd2 Nb6 25. Rf3 Rh7 26. Bf4+ Ka8 27. Be5 Nd5 28. Rh3 h5 29. Bg3 Bh6 30. f4 Rh8 31. Rf1 Ne7 32. Bh2 0-1

[Event "Porto San Giorgio op 23rd"]
[Site "Porto San Giorgio"]
[Date "2011.08.27"]
[Round "8"]
[White "Ottaviani, Gianluca"]
[Black "Piro, Valerio"]
[Result "0-1"]
[WhiteElo "1949"]
[BlackElo "2008"]
[PlyCount "110"]
[EventDate "2011.08.21"]
[EventType "swiss"]
[EventRounds "9"]
[EventCountry "ITA"]
[SourceTitle "CBM 144 Extra"]
[Source "ChessBase"]
[SourceDate "2011.10.28"]
[SourceVersion "1"]
[SourceVersionDate "2011.10.28"]
[SourceQuality "1"]

1. e4 c6 2. d4 d5 3. e5 Bf5 4. Be3 e6 5. Nd2 Nd7 6. Be2 c5 7. Ngf3 cxd4 8. Bxd4 Ne7 9. 0-0 Nc6 10. c3 Be7 11. Re1 a6 12. Nf1 Qc7 13. Ng3 Bg4 14. Nd2 Bxe2 15. Qxe2 0-0 16. Nb3 Rfc8 17. Rad1 b5 18. Rd3 Nxd4 19. Rxd4 b4 20. cxb4 Qc2 21. Rd2 Qc4 22. Qxc4 Rxc4 23. a3 Rac8 24. Nd4 Bg5 25. Rdd1 Bf4 26. b3 Rc1 27. Rxc1 Rxc1 28. Rxc1 Bxc1 29. b5 axb5 30. Nxb5 Nxe5 31. Ne2 Bd2 32. Ned4 Kf8 33. Kf1 Ke7 34. Ke2 Ba5 35. f4 Ng6 36. g3 Kd7 37. b4 Bd8 38. a4 Ne7 39. a5 Nc6 40. Nxc6 Kxc6 41. Nd4+ Kb7 42. Kd3 g5 43. Kc3 gxf4 44. gxf4 Bc7 45. Ne2 f6 46. Kb3 e5 47. fxe5 fxe5 48. Nc3 e4 49. Nxd5 Bxh2 50. b5 Be5 51. Kc4 h5 52. Ne3 h4 53. Ng4 h3 54. Kd5 e3 55. Nxe3 h2 0-1

[Event "Porto San Giorgio op 23rd"]
[Site "Porto San Giorgio"]
[Date "2011.08.26"]
[Round "7"]
[White "Piro, Valerio"]
[Black "Cipollaro, Giovanni"]
[Result "1/2-1/2"]
[WhiteElo "2008"]
[BlackElo "1866"]
[PlyCount "77"]
[EventDate "2011.08.21"]
[EventType "swiss"]
[EventRounds "9"]
[EventCountry "ITA"]
[SourceTitle "CBM 144 Extra"]
[Source "ChessBase"]
[SourceDate "2011.10.28"]
[SourceVersion "1"]
[SourceVersionDate "2011.10.28"]
[SourceQuality "1"]

1. e4 d6 2. d4 Nf6 3. Nc3 e5 4. dxe5 dxe5 5. Qxd8+ Kxd8 6. Bg5 Be6 7. 0-0-0+ Nbd7 8. a3 Bc5 9. f3 c6 10. Nge2 Kc7 11. Na4 Bd6 12. Be3 b5 13. Nac3 a5 14. Nb1 Rhc8 15. b3 a4 16. b4 Nb6 17. Nd2 Nc4 18. Nxc4 Bxc4 19. Ng3 Bxf1 20. Rhxf1 g6 21. Rd3 Rd8 22. Rfd1 Be7 23. Ne2 Rxd3 24. cxd3 Nd7 25. d4 exd4 26. Nxd4 Ne5 27. Bf4 Bd6 28. Nc2 Nd3+ 29. Rxd3 Bxf4+ 30. Ne3 Bxh2 31. Rc3 Bf4 32. Kc2 Bxe3 33. Rxe3 Rd8 34. f4 Rd4 35. g3 Kd6 36. e5+ Kd5 37. Kb2 Rd2+ 38. Kc1 Rd4 39. Kb2 1/2-1/2

[Event "Porto San Giorgio op 23rd"]
[Site "Porto San Giorgio"]
[Date "2011.08.22"]
[Round "2"]
[White "Molina, Fabrizio"]
[Black "Piro, Valerio"]
[Result "1-0"]
[WhiteElo "2256"]
[BlackElo "2008"]
[PlyCount "173"]
[EventDate "2011.08.21"]
[EventType "swiss"]
[EventRounds "9"]
[EventCountry "ITA"]
[SourceTitle "CBM 144 Extra"]
[Source "ChessBase"]
[SourceDate "2011.10.28"]
[SourceVersion "1"]
[SourceVersionDate "2011.10.28"]
[SourceQuality "1"]

1. Nf3 d5 2. g3 c6 3. Bg2 Nf6 4. 0-0 Bf5 5. d3 Nbd7 6. c4 e6 7. b3 Bd6 8. Bb2 0-0 9. Nc3 Qe7 10. a3 a5 11. Re1 Bg6 12. cxd5 Nxd5 13. Qd2 f6 14. d4 Nxc3 15. Bxc3 Bxa3 16. Bxa5 Bd6 17. e4 e5 18. Bc3 exd4 19. Nxd4 Rxa1 20. Bxa1 Bb4 21. Bc3 Bxc3 22. Qxc3 Re8 23. Bh3 Qc5 24. Qxc5 Nxc5 25. f3 Rd8 26. Ne6 Nxe6 27. Bxe6+ Bf7 28. Bc4 Rd2 29. Ra1 Bxc4 30. bxc4 Rc2 31. Rb1 Rxc4 32. Rxb7 Rc3 33. Kg2 Rc2+ 34. Kh3 Rc3 35. Kg4 c5 36. f4 g6 37. Rb8+ Kg7 38. Rb7+ Kg8 39. e5 h5+ 40. Kh4 fxe5 41. fxe5 Re3 42. Kg5 Rxe5+ 43. Kxg6 Kf8 44. Kf6 Re2 45. Rb5 Re7 46. Rb2 c4 47. Rc2 Rc7 48. Rc3 Rc5 49. Ke6 Kg7 50. Kd6 Rc8 51. Kd5 h4 52. g4 h3 53. Ke5 Kg6 54. Kf4 Rc7 55. Kg3 Rc6 56. Kxh3 Kg5 57. Kg3 Rc5 58. h4+ Kg6 59. Kf4 Kh6 60. Ke4 Rc8 61. Kd5 Rd8+ 62. Kxc4 Rf8 63. Rd3 Rf4+ 64. Rd4 Rf1 65. Kd5 Rh1 66. g5+ Kg6 67. Ke5 Re1+ 68. Re4 Ra1 69. Kf4 Rf1+ 70. Kg4 Rg1+ 71. Kf3 Rf1+ 72. Kg2 Ra1 73. Rf4 Kh5 74. Kf3 Rh1 75. Ke4 Re1+ 76. Kd4 Kg6 77. Rf6+ Kh5 78. Rh6+ Kg4 79. g6 Kf5 80. h5 Kf6 81. Rh7 Rd1+ 82. Ke4 Re1+ 83. Kf3 Rf1+ 84. Kg2 Ra1 85. Rf7+ Kg5 86. g7 Kh6 87. g8Q 1-0

[Event "EU-ch 11th"]
[Site "Rijeka"]
[Date "2010.03.15"]
[Round "9"]
[White "Piro, Valerio"]
[Black "Hoffmann, Paul"]
[Result "0-1"]
[WhiteElo "2067"]
[BlackElo "2361"]
[PlyCount "122"]
[EventDate "2010.03.06"]
[EventType "swiss"]
[EventRounds "11"]
[EventCountry "CRO"]
[SourceTitle "CBM 136"]
[Source "ChessBase"]
[SourceDate "2010.05.18"]
[SourceVersion "1"]
[SourceVersionDate "2010.05.18"]
[SourceQuality "1"]

1. Nf3 Nf6 2. c4 e6 3. g3 b6 4. Bg2 Bb7 5. Nc3 c5 6. 0-0 Be7 7. d4 cxd4 8. Nxd4 Bxg2 9. Kxg2 Qc8 10. Qd3 0-0 11. b3 Na6 12. e4 Qb7 13. f3 d6 14. Ba3 Rfd8 15. Rfd1 Nc5 16. Qe3 a6 17. Rd2 Rac8 18. Rad1 Re8 19. Bb2 Bf8 20. Qe2 Ncd7 21. Qd3 Ne5 22. Qe3 h6 23. Qf2 Nfd7 24. f4 Ng4 25. Qf3 Ngf6 26. Ba3 Nc5 27. Bxc5 Rxc5 28. h3 Qb8 29. Rd3 Rec8 30. Na4 R5c7 31. Nc3 Nd7 32. a4 g6 33. Nce2 Nc5 34. Re3 Qb7 35. e5 dxe5 36. Qxb7 Nxb7 37. Rxe5 Rd7 38. Re3 Rcd8 39. Red3 Bb4 40. Rf3 Nc5 41. Rdf1 Rxd4 42. Nxd4 Rxd4 43. R1f2 a5 44. Rc2 Rd1 45. g4 Rb1 46. f5 g5 47. fxe6 Nxe6 48. Rcf2 Nf4+ 49. Kh2 Bd6 50. Rf1 Rb2+ 51. Kh1 Bc5 52. Rd1 Kg7 53. Rdf1 Rd2 54. Rb1 Nd3 55. Rbf1 Nf2+ 56. Kg2 Nxg4+ 57. Kg3 Kg6 58. Rxf7 Bd6+ 59. Kxg4 Rd4+ 60. Kf3 Kxf7 61. Ke3+ Rf4 0-1

[Event "EU-ch 11th"]
[Site "Rijeka"]
[Date "2010.03.09"]
[Round "4"]
[White "Piro, Valerio"]
[Black "Voiteanu, Christian Gabriel"]
[Result "0-1"]
[WhiteElo "2067"]
[BlackElo "2254"]
[PlyCount "84"]
[EventDate "2010.03.06"]
[EventType "swiss"]
[EventRounds "11"]
[EventCountry "CRO"]
[SourceTitle "CBM 136"]
[Source "ChessBase"]
[SourceDate "2010.05.18"]
[SourceVersion "1"]
[SourceVersionDate "2010.05.18"]
[SourceQuality "1"]

1. Nf3 Nf6 2. c4 g6 3. Nc3 d5 4. cxd5 Nxd5 5. Qa4+ Bd7 6. Qh4 Bc6 7. Qd4 f6 8. e3 Qd6 9. Bb5 Nxc3 10. Qxd6 cxd6 11. Bxc6+ Nxc6 12. bxc3 d5 13. Ba3 Rc8 14. d3 f5 15. Kd2 Bg7 16. Rab1 Na5 17. Rhc1 b6 18. Nd4 Kd7 19. Bb4 e5 20. Bxa5 exd4 21. cxd4 Rxc1 22. Rxc1 bxa5 23. Rc5 Bf8 24. Rxd5+ Kc6 25. e4 Bb4+ 26. Ke3 Re8 27. f4 a4 28. h3 h5 29. Kf3 a3 30. g4 hxg4+ 31. hxg4 Rh8 32. gxf5 gxf5 33. Rxf5 Rh3+ 34. Ke2 Rh2+ 35. Ke3 Rxa2 36. d5+ Kc5 37. Rf6 Rh2 38. d6 a2 39. d7 a1Q 40. d8Q Qg1+ 41. Kf3 Qg2+ 42. Ke3 Qf2# 0-1

[Event "EU-ch 11th"]
[Site "Rijeka"]
[Date "2010.03.08"]
[Round "3"]
[White "Tica, Sven"]
[Black "Piro, Valerio"]
[Result "1/2-1/2"]
[WhiteElo "1562"]
[BlackElo "2067"]
[PlyCount "47"]
[EventDate "2010.03.06"]
[EventType "swiss"]
[EventRounds "11"]
[EventCountry "CRO"]
[SourceTitle "CBM 136"]
[Source "ChessBase"]
[SourceDate "2010.05.18"]
[SourceVersion "1"]
[SourceVersionDate "2010.05.18"]
[SourceQuality "1"]

1. c4 c6 2. Nc3 d5 3. e3 Nf6 4. Nf3 e6 5. d4 Nbd7 6. Qc2 Bd6 7. b3 0-0 8. Bd3 h6 9. Bb2 dxc4 10. bxc4 e5 11. 0-0 Re8 12. Rad1 Qe7 13. Nd2 Nf8 14. Nde4 Bc7 15. h3 Bd7 16. Qb3 Rab8 17. Ba3 Qd8 18. Nxf6+ Qxf6 19. Ne4 Qd8 20. d5 cxd5 21. cxd5 Bf5 22. Nc5 Bxd3 23. Qxd3 Bd6 24. Ne4 1/2-1/2

[Event "EU-ch 11th"]
[Site "Rijeka"]
[Date "2010.03.07"]
[Round "2"]
[White "Piro, Valerio"]
[Black "Petre, Nad Titus"]
[Result "0-1"]
[WhiteElo "2067"]
[BlackElo "2410"]
[PlyCount "54"]
[EventDate "2010.03.06"]
[EventType "swiss"]
[EventRounds "11"]
[EventCountry "CRO"]
[SourceTitle "CBM 136"]
[Source "ChessBase"]
[SourceDate "2010.05.18"]
[SourceVersion "1"]
[SourceVersionDate "2010.05.18"]
[SourceQuality "1"]

1. Nf3 d5 2. c4 e6 3. g3 Nf6 4. Bg2 Be7 5. 0-0 0-0 6. d3 c5 7. Ne5 Qc7 8. f4 Nbd7 9. Nxd7 Bxd7 10. Nc3 d4 11. Ne4 Ng4 12. h3 Nh6 13. g4 f5 14. Nf2 fxg4 15. Nxg4 Nxg4 16. hxg4 Bd6 17. Qd2 Rf6 18. e4 dxe3 19. Qxe3 Raf8 20. Qe2 Bxf4 21. Bxf4 Rxf4 22. Rxf4 Qxf4 23. Rf1 Qd4+ 24. Kh2 Rxf1 25. Bxf1 Qf4+ 26. Kg1 e5 27. Bg2 Bxg4 0-1

[Event "Campobasso op 14th"]
[Site "Campobasso"]
[Date "2007.07.22"]
[Round "5"]
[White "Piro, Valerio"]
[Black "Caporale, Giuseppe Guido"]
[Result "0-1"]
[WhiteElo "2096"]
[BlackElo "1850"]
[PlyCount "68"]
[EventDate "2007.07.20"]
[EventType "swiss"]
[EventRounds "6"]
[EventCountry "ITA"]
[SourceTitle "EXT 2009"]
[Source "ChessBase"]
[SourceDate "2008.11.26"]
[SourceVersion "1"]
[SourceVersionDate "2008.11.26"]
[SourceQuality "1"]

1. c4 e5 2. Nc3 Nf6 3. Nf3 Nc6 4. e3 Bb4 5. Qc2 d6 6. Nd5 a5 7. Bd3 h6 8. Nh4 0-0 9. Nf5 Be6 10. Be4 Bc5 11. a3 Kh8 12. h3 Ng8 13. g4 Rb8 14. b3 Qd7 15. Bb2 Nce7 16. d4 exd4 17. exd4 Bxd5 18. dxc5 Bxe4 19. Bxg7+ Kh7 20. Qxe4 Nxf5 21. 0-0-0 Kxg7 22. gxf5 Nf6 23. Qd4 Qxf5 24. cxd6 Rbd8 25. Qc3 Qf4+ 26. Kb2 Rxd6 27. Rhg1+ Kh8 28. Rxd6 cxd6 29. Re1 Qxf2+ 30. Kb1 b6 31. Re3 Rg8 32. Re1 Rg2 33. Re8+ Kg7 34. Re1 Rg3 0-1

[Event "Torre del Greco op"]
[Site "Torre del Greco"]
[Date "2006.09.05"]
[Round "3"]
[White "Della Corte, Alessandro"]
[Black "Piro, Valerio"]
[Result "1-0"]
[WhiteElo "2205"]
[BlackElo "2114"]
[PlyCount "61"]
[EventDate "2006.09.03"]
[EventType "swiss"]
[EventRounds "9"]
[EventCountry "ITA"]
[SourceTitle "EXT 2007"]
[Source "ChessBase"]
[SourceDate "2006.11.23"]
[SourceVersion "1"]
[SourceVersionDate "2006.11.23"]
[SourceQuality "1"]

1. e4 c6 2. d4 d5 3. e5 Bf5 4. Nf3 e6 5. a3 c5 6. dxc5 Bxc5 7. b4 Bb6 8. Nbd2 Ne7 9. Bb2 0-0 10. Be2 a6 11. 0-0 Nbc6 12. c4 Bc7 13. Qb3 Ng6 14. Qe3 Qb8 15. cxd5 exd5 16. Qg5 Be6 17. Rac1 h6 18. Qe3 Ngxe5 19. h3 Nxf3+ 20. Nxf3 Bf4 21. Qc3 d4 22. Nxd4 Bxc1 23. Rxc1 Nxd4 24. Qxd4 f6 25. Qe4 Ba2 26. Bd3 f5 27. Qd4 Rf7 28. Bxf5 Qf8 29. Rc5 Kh8 30. Qg4 Qe8 31. Qg6 1-0

[Event "Campobasso op 12th"]
[Site "Campobasso"]
[Date "2005.07.10"]
[Round "6"]
[White "Gojani, Mentor"]
[Black "Piro, Valerio"]
[Result "1-0"]
[WhiteElo "1869"]
[BlackElo "2102"]
[PlyCount "57"]
[EventDate "2005.07.08"]
[EventType "swiss"]
[EventRounds "6"]
[EventCountry "ITA"]
[SourceTitle "EXT 2007"]
[Source "ChessBase"]
[SourceDate "2006.11.23"]
[SourceVersion "1"]
[SourceVersionDate "2006.11.23"]
[SourceQuality "1"]

1. e4 c6 2. Bc4 d5 3. exd5 cxd5 4. Bb3 Nf6 5. d3 Nc6 6. a3 Bg4 7. f3 Bf5 8. Bg5 e6 9. Qd2 h6 10. Bh4 Be7 11. Nc3 a6 12. 0-0-0 Nd4 13. Nce2 Nc6 14. g4 Bh7 15. g5 Nd7 16. f4 hxg5 17. Bxg5 f6 18. Qe3 Bf5 19. Ng3 Nb6 20. Nxf5 exf5 21. Nf3 fxg5 22. Nxg5 Rh6 23. Ne6 Rxe6 24. Qxe6 Qd7 25. Qg8+ Bf8 26. Rde1+ Ne7 27. Rhg1 Kd8 28. Qxf8+ Kc7 29. Qxe7 1-0